000 00701nam a22002417a 4500
005 20170124105916.0
010 _aA-904685
020 _a0074633759
_c00.00
035 _aA-904685
037 _bCen Lib/Ret
040 _aDPL
_bEN
082 _a005.3
_bSHE
100 _aSheldon,Tom
_92827
245 _aNetware 4.1 :
_cby Tom Sheldon
_bthe complete reference /
250 _a2nd ed
260 _aNew Delhi
_bTata McGraw-Hill Publishing
_c1998
270 _a7 West Patel Nagar
_bNew Delhi
_e110008
300 _a917p.
_c25cm(pbk)
500 _aIncludes index
650 _aComputer Science
_9106521
650 _aNetworking Technologies
_92829
942 _2ddc
_cEN
_h005.3
_mSHE
999 _c122874
_d122874